Bayern Munich féminin saison 2021-2022 - Statistiques

Statistiques générales
  • Ce quiz a été pris 12 fois
    10 depuis la dernière actualisation
  • Le résultat moyen est 12 sur 26
Statistiques - réponses
POS Country Réponse % Correct
ATT GER Lea Schüller
100%
MIL GER Giulia Gwinn
67%
ATT SER Jovana Damnjanovic
67%
ATT GER Klara Bühl
67%
MIL GER Linda Dallmann
67%
DEF GER Marina Hegering
67%
DEF JAP Saki Kumagai
67%
ATT FRA Viviane Asseyi
67%
DEF AUT Carina Wenninger
33%
DEF GER Carolin Simon
33%
G ISL Cecilia Ran Runarsdottir
33%
DEF ISL Glodis Perla Viggosdottir
33%
DEF SUE Hanna Glas
33%
ATT CRO Ivana Rudelic
33%
G GER Janina Leitzig
33%
MIL GER Julia Landenberger
33%
G GER Juliane Schmid
33%
MIL ISL Karolina Lea Vilhjalmsdottir
33%
G GER Laura Benkarth
33%
MIL GER Lina Magull
33%
ATT NED Lineth Beerensteyn
33%
G GER Maria Luisa Grohs
33%
DEF GER Maximiliane Rall
33%
MIL AUT Sarah Zadrazil
33%
ATT SUE Sofia Jakobsson
33%
MIL GER Sydney Lohmann
33%
Aucun quiz correspondant
Distribution des résultats
% des personnes avec chaque résultat
Percentile par nombre de réponses
Votre historique - résultats
Vous n’avez pas pris ce quiz depuis la dernière actualisation